000 00313nam a22001337a 4500
008 171030b xxu||||| |||| 00| 0 eng d
020 _a0803914849
041 _aeng
080 _a336
100 _a56
101 _aFIN
245 _aBENEFIT-COST ANALYSIS FOR PROGRAM EVALUATION
_cTHOMPSON,M.S
942 _2udc
_cBK
999 _c36367
_d36367